Microelectronic circuit design / (Record no. 22161)
[ view plain ]
| 000 -LEADER | |
|---|---|
| fixed length control field | 02367cam a22003375a 4500 |
| 001 - CONTROL NUMBER | |
| control field | 18344700 |
| 005 - DATE AND TIME OF LATEST TRANSACTION | |
| control field | 20160811095430.0 |
| 008 - FIXED-LENGTH DATA ELEMENTS--GENERAL INFORMATION | |
| fixed length control field | 141023s2016 nyua frb 001 0 eng d |
| 010 ## - LIBRARY OF CONGRESS CONTROL NUMBER | |
| LC control number | 2014040020 |
| 020 ## - INTERNATIONAL STANDARD BOOK NUMBER | |
| International Standard Book Number | 1259252450 |
| 020 ## - INTERNATIONAL STANDARD BOOK NUMBER | |
| International Standard Book Number | 9781259252457 |
| 040 ## - CATALOGING SOURCE | |
| Original cataloging agency | DLC |
| Language of cataloging | eng |
| Transcribing agency | DLC |
| Modifying agency | EG-ScBUE |
| 042 ## - AUTHENTICATION CODE | |
| Authentication code | pcc |
| 082 04 - DEWEY DECIMAL CLASSIFICATION NUMBER | |
| Edition number | 22 |
| Classification number | 621.3815 |
| Item number | JAE |
| 100 1# - MAIN ENTRY--PERSONAL NAME | |
| Personal name | Jaeger, Richard C. |
| 9 (RLIN) | 32590 |
| 245 10 - TITLE STATEMENT | |
| Title | Microelectronic circuit design / |
| Statement of responsibility, etc | Richard C. Jaeger, Travis N. Blalock. |
| 250 ## - EDITION STATEMENT | |
| Edition statement | 5th ed., international ed. |
| 260 ## - PUBLICATION, DISTRIBUTION, ETC. (IMPRINT) | |
| Place of publication, distribution, etc | New York : |
| Name of publisher, distributor, etc | McGraw-Hill Education, |
| Date of publication, distribution, etc | c.2016. |
| 300 ## - PHYSICAL DESCRIPTION | |
| Extent | xxviii, 1325 p. : |
| Other physical details | ill. ; |
| Dimensions | 26 cm. |
| 500 ## - GENERAL NOTE | |
| General note | Index : p. 1303-1325. |
| 504 ## - BIBLIOGRAPHY, ETC. NOTE | |
| Bibliography, etc | Includes bibliographical references. |
| 505 ## - FORMATTED CONTENTS NOTE | |
| Formatted contents note | Part I - Solid State Electronics and Devices: Chapter 1 Introduction to Electronics -- Chapter 2 Solid-State Electronics -- Chapter 3 Solid-State Diodes and Diode Circuits -- Chapter 4 Field-Effect Transistors -- Chapter 5 Bipolar Junction Transistors -- Part II - Digital Electronics: Chapter 6 Introduction to Digital Electronics -- Chapter 7 Complementary MOS (CMOS) Logic Design -- Chapter 8 MOS Memory Circuits -- Chapter 9 Bipolar Logic Circuits -- Part III Analog Electronics : Chapter 10 Analog Systems and Ideal Operational Amplifiers -- Chapter 11 Nonideal Operational Amplifiers and Feedback Amplifier Stability -- Chapter 12 Operational Amplifier Applications -- Chapter 13 Small-Signal Modeling and Linear Amplification -- Chapter 14 Single Transistor Amplifiers -- Chapter 15 Differential Amplifiers and Operational Amplifier Design -- Chapter 16 Analog Integrated Circuit Design Techniques -- Chapter 17 Amplifier Frequency Response -- Chapter 18 Transistor Feedback Amplifiers and Oscillators. |
| 520 ## - SUMMARY, ETC. | |
| Summary, etc | Presents a balanced coverage of analog and digital circuits. This book helps students to develop a comprehensive understanding of the basic techniques of modern electronic circuit design, analog and digital, discrete and integrated. It features a spectrum of topics. |
| 650 #7 - SUBJECT ADDED ENTRY--TOPICAL TERM | |
| Topical term or geographic name as entry element | Integrated circuits |
| General subdivision | Design and construction. |
| Source of heading or term | BUEsh |
| 9 (RLIN) | 32591 |
| 650 #7 - SUBJECT ADDED ENTRY--TOPICAL TERM | |
| Topical term or geographic name as entry element | Semiconductors |
| General subdivision | Design and construction. |
| Source of heading or term | BUEsh |
| 9 (RLIN) | 32592 |
| 650 #7 - SUBJECT ADDED ENTRY--TOPICAL TERM | |
| Topical term or geographic name as entry element | Electronic circuit design. |
| Source of heading or term | BUEsh |
| 9 (RLIN) | 33899 |
| 651 ## - SUBJECT ADDED ENTRY--GEOGRAPHIC NAME | |
| Source of heading or term | BUEsh |
| 653 ## - INDEX TERM--UNCONTROLLED | |
| Resource For college | Engineering, General |
| Arrived date list | August 2016 |
| 700 1# - ADDED ENTRY--PERSONAL NAME | |
| Personal name | Blalock, Travis N. |
| 9 (RLIN) | 32593 |
| 942 ## - ADDED ENTRY ELEMENTS (KOHA) | |
| Source of classification or shelving scheme | Dewey Decimal Classification |
| Edition | 22 |
| Call number prefix | 621.3815 JAE |
| Withdrawn status | Item status | Source of classification or shelving scheme | Damaged status | Not for loan | Vendor | Home library | Current library | Shelving location | Date acquired | Source of acquisition | Cost, normal purchase price | Serial Enumeration / chronology | Total Checkouts | Full call number | Barcode | Date last seen | Cost, replacement price | Koha item type |
|---|---|---|---|---|---|---|---|---|---|---|---|---|---|---|---|---|---|---|
| Dewey Decimal Classification | Baccah | Central Library | Central Library | First floor | 11/08/2016 | Purchase | 480.00 | 25844 | 621.3815 JAE | 000033211 | 15/07/2025 | 600.00 | Book - Borrowing |